000 00625nam a22002297a 4500
005 20260317155458.0
008 260317b |||||||| |||| 00| 0 eng d
020 _a9788186535721
_c1295.00
040 _aMAIN
041 _aEnglish
082 _a579
_bSEN
100 _aKumar, B. Senthil
_926510
245 _aPractical Microbiology
_b: A Laboratory Manual
260 _aNew Delhi
_bPanima
_c2018
300 _a190
650 _aBiological Science
_914046
700 _aZothansanga
_926511
700 _aSenbagam, D.
_926512
700 _aKumar, N. Senthil
_99205
700 _aGurusubramanian G.
_926513
942 _cBK
999 _c60537
_d60537